000 00721nam a2200289Ia 4500
005 20260324142906.0
008 008 260324s9999 xx 000 0 eng d
020 _a9781315227979
037 _aEBOOK
040 _aCRL
040 _beng
040 _cCRL
041 _2eng
041 _aeng
084 _qCRL
100 _aWilmar B. Schaufeli; Tadeusz Marek; Christina Maslach
_91213612
245 0 _aProfessional Burnout
245 0 _bRecent Developments in Theory and Research
260 _bTaylor and Francis
260 _c1993
365 _a
365 _b230
856 _uhttp://www.taylorfrancis.com/books/9781315227979
942 _cEBOOK
999 _c1818365
_d1818365